000 00449nmm a2200145Ia 4500
008 251105s9999||||xx |||||||||||||||||und||
041 _aspa
100 _aSamplonius Angobaldo, Anton
245 0 _aYaro navegante :
_b Un chamán inca en Oceanía
264 _a[Madrid, España] :
_bMedinaliber Hispánica,
_c2020
300 _a0 páginas
650 _aHistorical fiction
856 _uhttps://public.digitaliapublishing.com/a/99827
942 _cCF
999 _c106687
_d106687